Vista normal
Vista MARC
Entrada Materia (personas)
Número de registros utilizados en: 1
001 - CONTROL NUMBER
- control field: 63951
003 - CONTROL NUMBER IDENTIFIER
- control field: Co-BoUCM
005 - DATE AND TIME OF LATEST TRANSACTION
- control field: 20140826073420.0
008 - FIXED-LENGTH DATA ELEMENTS
- fixed length control field: 140826|| aca||aabn | a|a d
040 ## - CATALOGING SOURCE
- Original cataloging agency: Co-BoUCM
- Transcribing agency: Co-BoUCM
100 ## - HEADING--PERSONAL NAME
- Personal name: Perfeti, Juan José
670 ## - SOURCE DATA FOUND
- Source citation: Work cat.: (Co-BoUCM)273985: Junguito, Roberto 2022, Desarrollo de la agricultura colombiana, 2014